[Event "Bratislava Slovakia op"]
[Site "Bratislava"]
[Date "2022.10.02"]
[Round "9"]
[White "Malaschitz, Teodor"]
[Black "Shykhnenko, Hryhorii"]
[Result "1-0"]
[WhiteElo "1448"]
[BlackElo "1317"]
[PlyCount "85"]
[EventDate "2022.09.30"]
[EventType "swiss (rapid)"]
[EventRounds "9"]
[EventCountry "SVK"]
[SourceTitle "CBM 210 Extra"]
[Source "ChessBase"]
[SourceDate "2022.11.30"]
[SourceVersion "1"]
[SourceVersionDate "2022.11.30"]
[SourceQuality "1"]

1. e4 e5 2. Nf3 Nf6 3. Nc3 Nc6 4. Bb5 Nd4 5. Be2 Nc6 6. d3 d6 7. Bg5 Be7 8. 0-0 Bg4 9. h3 Bh5 10. Bxf6 Bxf6 11. Nd5 Bxf3 12. Bxf3 Nd4 13. c3 Nxf3+ 14. Qxf3 c6 15. Nxf6+ Qxf6 16. Qxf6 gxf6 17. Rad1 0-0-0 18. d4 c5 19. d5 Rhg8 20. Rd3 b5 21. Rf3 Rg6 22. b3 Rdg8 23. g3 Kc7 24. Kh2 h5 25. h4 Rh8 26. Re3 Kd7 27. Rb1 Rb8 28. Ree1 Rbg8 29. b4 c4 30. Ra1 a6 31. a4 Rc8 32. Re2 Rgg8 33. Rea2 Rc7 34. axb5 axb5 35. Ra7 Rgc8 36. Kh3 Ke7 37. f3 Kf8 38. R1a5 Rb8 39. g4 hxg4+ 40. fxg4 Rxa7 41. Rxa7 Kg7 42. h5 Rb6 43. Kh4 1-0

[Event "Bratislava Slovakia op"]
[Site "Bratislava"]
[Date "2022.10.01"]
[Round "7"]
[White "Malaschitz, Teodor"]
[Black "Kucera, Michal"]
[Result "0-1"]
[WhiteElo "1448"]
[BlackElo "1939"]
[PlyCount "34"]
[EventDate "2022.09.30"]
[EventType "swiss (rapid)"]
[EventRounds "9"]
[EventCountry "SVK"]
[SourceTitle "CBM 210 Extra"]
[Source "ChessBase"]
[SourceDate "2022.11.30"]
[SourceVersion "1"]
[SourceVersionDate "2022.11.30"]
[SourceQuality "1"]

1. e4 c5 2. Nf3 Nc6 3. d4 cxd4 4. Nxd4 Nf6 5. f3 e5 6. Nxc6 bxc6 7. c4 Bc5 8. Nc3 0-0 9. Qe2 Ba6 10. Be3 Bxc4 11. Qxc4 Bxe3 12. Qd3 Bd4 13. h4 d5 14. Rb1 Rb8 15. a3 Qa5 16. exd5 Nxd5 17. b4 Bxc3+ 0-1

[Event "SVK-ch U14 rapid"]
[Site "Nitra"]
[Date "2021.09.11"]
[Round "2"]
[White "Skreko, Igor1111"]
[Black "Malaschitz, Teodor"]
[Result "1-0"]
[WhiteElo "1642"]
[BlackElo "1347"]
[PlyCount "53"]
[EventDate "2021.09.11"]
[EventType "swiss (rapid)"]
[EventRounds "7"]
[EventCountry "SVK"]
[SourceTitle "EXT 2023"]
[Source "ChessBase"]
[SourceDate "2022.10.05"]
[SourceVersion "1"]
[SourceVersionDate "2022.10.05"]
[SourceQuality "1"]

1. d4 d5 2. c4 c6 3. Nf3 Nf6 4. e3 Bg4 5. Nc3 e6 6. h3 Bh5 7. g4 Bg6 8. Ne5 Nbd7 9. h4 h6 10. Nxg6 fxg6 11. Bd3 Kf7 12. Qc2 Nxg4 13. Bxg6+ Ke7 14. cxd5 cxd5 15. b3 Nb8 16. Ba3+ Kd7 17. Bb2 Bd6 18. Nxd5 Nxf2 19. Qxf2 Rf8 20. Nf4 Bxf4 21. exf4 Qa5+ 22. Qd2 Qxd2+ 23. Kxd2 Rxf4 24. Raf1 Rg4 25. Rf7+ Kd6 26. Rxg7 Nc6 27. Ba3+ 1-0